Parole che contengono… #2 - Statistics

Statistiche generali
  • Questo quiz è stato fatto 89 volte
  • Il punteggio medio è 7 su 15
Statistiche sulle risposte
Hint Risposta % Corretto
GNAV ABBISOGNAVA, ABBISOGNAVAMO, ABBISOGNAVANO ecc.
92%
ISTEM AGROECOSISTEMA, AGROECOSISTEMI, AGROSISTEMA ecc.
90%
LGID ALGIDA, ALGIDE, ALGIDI ecc.
90%
CUCUZ CUCUZZA, CUCUZZE, CUCUZZELLA ecc.
82%
URIS AEROTURISMI, AEROTURISMO, AGRITURISMI ecc.
81%
EVIA ABBREVIA, ABBREVIABILE, ABBREVIAI ecc.
73%
SOGIN MISOGINA, MISOGINE, MISOGINI ecc.
64%
LLIAN ABBEVILLIANA, ABBEVILLIANE, ABBEVILLIANI ecc.
36%
UMISM CONSUMISMI, CONSUMISMO, FUMISMI ecc.
33%
OLIPS POLIPSONI, POLIPSONIO, POLIPSONISTA ecc.
13%
ROMALI CROMALITE, CROMALITI, PTEROMALI ecc.
9%
TNERIO MEITNERIO
8%
AXAT FAXATA, FAXATE, FAXATI ecc.
3%
GONIT ARAGONITE, ARAGONITI, PARAGONITE ecc.
0%
ZANIOS ZIZZANIOSA, ZIZZANIOSE, ZIZZANIOSI ecc.
0%
Nessun quiz corrispondente trovato
Distribuzione punteggi
Percentuale di utenti per punteggio
Percentile per numero di risposta
I tuoi punteggi nel tempo
Non hai fatto questo quiz